[Event "21st Dubai Open 2019"]
[Site "Dubai"]
[Date "2019.04.08"]
[Round "8.14"]
[White "Naboka, Sergey"]
[Black "Sethuraman, S.P."]
[Result "0-1"]
[WhiteElo "2327"]
[BlackElo "2624"]
[Annotator "TA"]
[PlyCount "101"]
[EventDate "2019.04.01"]
[EventType "swiss"]
[EventCountry "UAE"]
[SourceTitle "playchess.com"]
[Source "ChessBase"]
[SourceQuality "1"]

{[%evp 17,101,16,47,0,0,-17,12,0,1,0,0,0,0,0,0,0,0,0,0,0,0,0,16,0,0,0,25,27,32,19,19,21,17,-9,0,-8,0,0,0,-11,-8,-8,-8,-8,-8,-8,-8,-11,-10,-16,-14,-35,-32,-38,-15,-18,-7,-18,0,-32,-39,-72,-65,-128,-103,-103,-106,-140,-121,-153,-148,-177,-225,-230,-118,-285,-278,-358,-338,-362,-341,-316,-237,-675,-666,-572]} 1. e4 c5 2. Nf3 e6 3. d4 cxd4 4. Nxd4 Nc6 5. Nc3 Qc7 6. Be3 a6 7. Qd2 Nf6 8. f4 {B48: Sicilian: Taimanov: 5 Nc3 Qc7 6 Be3 a6 without Be2} (8. O-O-O Be7 9. f4 b5 10. e5 b4 11. exf6 bxc3 12. Qxc3 Bxf6 13. g4 h6 14. h4 Bb7 15. Rh2 Qd6 16. Qd2 Bxd4 17. Bxd4 Qxd4 18. Qxd4 Nxd4 19. Rxd4 {½-½ (31) Duda,J (2738)-Shankland,S (2725) Wijk aan Zee 2019}) 8... Bb4 9. Bd3 Ng4 {LiveBook: 10 Games} 10. Nxc6 {White is slightly better.} bxc6 11. Bd4 O-O $146 ({Predecessor:} 11... c5 12. Bg1 Bb7 13. a3 Ba5 14. h3 Nf6 15. e5 Nd5 {0-1 (42) Skuhala,J (2142)-Horvath,A (2515) Zalakaros 2016}) 12. h3 e5 13. fxe5 Nxe5 14. O-O Rb8 15. Rad1 d6 16. Be2 Ba5 17. b3 Qe7 18. Qe3 Bc7 19. Na4 a5 20. c4 Be6 21. c5 Rfd8 22. cxd6 Bxd6 23. Bb6 Bc7 24. Bxc7 Qxc7 25. Qc5 Ng6 26. Bc4 Nf4 {aiming for ...Bxc4.} (26... Bxc4 {feels hotter.} 27. Qxc4 Nf4 28. Qc2 Rxd1 29. Rxd1 h6) 27. Rxd8+ Rxd8 28. Qe3 Bxc4 29. Qxf4 Qxf4 30. Rxf4 $11 {[%mdl 4096] Endgame KRB-KRN} Rd1+ 31. Kh2 $1 $132 {[%mdl 2048] White puts up resistance} Be6 32. Rf2 Rc1 33. Nb2 Kf8 34. Nd3 Rc3 35. Rd2 Ke7 36. Kg1 Bc8 37. Ne5 Be6 38. Rd4 f6 39. Nf3 {[#]} Bxh3 $1 {[%mdl 512]} 40. e5 (40. Ra4 $15) (40. gxh3 Rxf3) 40... Be6 41. exf6+ Kxf6 42. Ra4 Bd5 43. Rxa5 g5 ({Don't play} 43... Bxf3 $6 44. gxf3 g6 45. Kg2 $15) 44. Ne1 {[#]} h5 $1 {[%cal Bh7h5,Bh5h4][%mdl 32]} 45. Kf2 {[#]} Rc1 ({Better is} 45... h4 $1 $19 46. Ra4 Kf5) 46. b4 $2 (46. g3 $17) 46... Rb1 $19 47. a3 Rb2+ 48. Ke3 h4 49. Rc5 Rb3+ 50. Nd3 $2 (50. Kd4 Rb1 51. Nf3) 50... Bxg2 51. Kd4 {Accuracy: White = 34%, Black = 58%.} 0-1

[Event "21st Dubai Open 2019"]
[Site "Dubai"]
[Date "2019.04.08"]
[Round "8.15"]
[White "Bharath Subramaniyam H"]
[Black "Vokhidov, Shamsiddin"]
[Result "0-1"]
[WhiteElo "2301"]
[BlackElo "2494"]
[Annotator "ChessBase"]
[PlyCount "92"]
[EventDate "2019.04.01"]
[EventType "swiss"]
[EventCountry "UAE"]
[SourceTitle "playchess.com"]
[Source "ChessBase"]
[SourceQuality "1"]
[TimeControl "5400+30"]

1. e4 {[%emt 0:00:00]} c5 {[%emt 0:00:00]} 2. c3 {[%emt 0:00:07]} Nf6 {[%emt 0:03:12]} 3. e5 {[%emt 0:00:00]} Nd5 {[%emt 0:00:03]} 4. Nf3 {[%emt 0:00:18]} d6 {[%emt 0:00:24]} 5. Bc4 {[%emt 0:15:18]} Nb6 {[%emt 0:13:10]} 6. Bb5+ {[%emt 0:02:25]} Bd7 {[%emt 0:08:01]} 7. Qe2 {[%emt 0:14:50]} Bxb5 {[%emt 0:05:22]} 8. Qxb5+ {[%emt 0:00:08]} Qd7 {[%emt 0:00:02]} 9. Qxd7+ {[%emt 0:00:47]} N8xd7 {[%emt 0:04:23]} 10. exd6 {[%emt 0:00:28]} e6 {[%emt 0:01:12]} 11. d4 {[%emt 0:00:28]} Bxd6 {[%emt 0:00:14]} 12. O-O {[%emt 0:00:47]} f6 {[%emt 0:00:37]} 13. Nbd2 {[%emt 0:05:08]} Kf7 {[%emt 0:02:46]} 14. Ne4 {[%emt 0:13:58]} Be7 {[%emt 0:01:00]} 15. b3 {[%emt 0:01:18]} c4 {[%emt 0:10:43]} 16. Bf4 {[%emt 0:06:15]} Nd5 {[%emt 0:07:43]} 17. Bg3 {[%emt 0:02:30]} b5 {[%emt 0:02:44]} 18. bxc4 {[%emt 0:12:10]} bxc4 {[%emt 0:00:16]} 19. Rfe1 {[%emt 0:00:29]} Rhc8 {[%emt 0:02:12]} 20. a4 {[%emt 0:07:23]} a5 {[%emt 0:02:10]} 21. Reb1 {[%emt 0:01:57]} Ra7 {[%emt 0:00:37]} 22. Rb5 {[%emt 0:00:31]} h6 {[%emt 0:00:30]} 23. Rc1 {[%emt 0:05:18]} Rc6 {[%emt 0:00:25]} 24. Nfd2 {[%emt 0:03:19]} f5 {[%emt 0:01:27]} 25. Nc5 {[%emt 0:00:07]} Bxc5 {[%emt 0:02:05]} 26. dxc5 {[%emt 0:00:55]} f4 {[%emt 0:00:03]} 27. Ne4 {[%emt 0:00:19]} fxg3 {[%emt 0:00:11]} 28. fxg3 {[%emt 0:00:02]} Ke7 {[%emt 0:00:11]} 29. Rd1 {[%emt 0:00:38]} Nc7 {[%emt 0:00:41]} 30. Rd6 {[%emt 0:00:27]} Rca6 {[%emt 0:02:29]} 31. c6 {[%emt 0:01:07]} Nxb5 {[%emt 0:00:46]} 32. axb5 {[%emt 0:00:09]} Rb6 {[%emt 0:00:02]} 33. cxd7 {[%emt 0:00:22]} Rxd6 {[%emt 0:00:06]} 34. Nxd6 {[%emt 0:00:02]} Kxd7 {[%emt 0:01:31]} 35. Nxc4 {[%emt 0:01:01]} a4 {[%emt 0:00:07]} 36. b6 {[%emt 0:00:08]} Ra6 {[%emt 0:00:49]} 37. Ne5+ {[%emt 0:00:50]} Kc8 {[%emt 0:00:12]} 38. Kf2 {[%emt 0:00:23]} a3 {[%emt 0:00:07]} 39. Nd3 {[%emt 0:00:08]} a2 {[%emt 0:00:11]} 40. Nb4 {[%emt 0:00:03]} a1=Q {[%emt 0:00:13]} 41. Nxa6 {[%emt 0:00:04]} Qxa6 {[%emt 0:00:04]} 42. b7+ {[%emt 0:00:08]} Kxb7 {[%emt 0:00:03]} 43. Ke3 {[%emt 0:00:06]} Qc4 {[%emt 0:00:04]} 44. Kd2 {[%emt 0:00:05]} e5 {[%emt 0:00:04]} 45. Kc2 {[%emt 0:00:03]} e4 {[%emt 0:00:04]} 46. Kd2 {[%emt 0:00:02]} Qd3+ {[%emt 0:00:03]} 0-1

[Event "21st Dubai Open 2019"]
[Site "Dubai"]
[Date "2019.04.08"]
[Round "8.16"]
[White "Pranav Vijay"]
[Black "Darini, Pouria"]
[Result "1/2-1/2"]
[WhiteElo "2265"]
[BlackElo "2455"]
[Annotator "ChessBase"]
[PlyCount "218"]
[EventDate "2019.04.01"]
[EventType "swiss"]
[EventCountry "UAE"]
[SourceTitle "playchess.com"]
[Source "ChessBase"]
[SourceQuality "1"]
[TimeControl "5400+30"]

1. e4 {[%emt 0:00:00]} c5 {[%emt 0:00:00]} 2. Nf3 {[%emt 0:00:00]} d6 {[%emt 0:00:00]} 3. Bb5+ {[%emt 0:00:00]} Nd7 {[%emt 0:00:00]} 4. d4 {[%emt 0:00:15]} cxd4 {[%emt 0:00:05]} 5. Qxd4 {[%emt 0:00:08]} a6 {[%emt 0:00:03]} 6. Bxd7+ {[%emt 0:00:43]} Bxd7 {[%emt 0:00:02]} 7. Nc3 {[%emt 0:01:22]} e5 {[%emt 0:02:06]} 8. Qd3 {[%emt 0:00:27]} h6 {[%emt 0:00:02]} 9. Nd2 {[%emt 0:02:29]} Rc8 {[%emt 0:06:20]} 10. Nc4 {[%emt 0:02:02]} Be6 {[%emt 0:00:56]} 11. Ne3 {[%emt 0:00:29]} Nf6 {[%emt 0:01:54]} 12. O-O {[%emt 0:00:47]} Qc7 {[%emt 0:04:12]} 13. Rd1 {[%emt 0:04:16]} Be7 {[%emt 0:03:52]} 14. Bd2 {[%emt 0:03:59]} O-O {[%emt 0:13:08]} 15. b3 {[%emt 0:02:19]} Qc5 {[%emt 0:07:56]} 16. Be1 {[%emt 0:02:50]} Rfe8 {[%emt 0:10:58]} 17. a4 {[%emt 0:04:34]} Bf8 {[%emt 0:18:42]} 18. Rac1 {[%emt 0:01:39]} Be7 {[%emt 0:05:08]} 19. Qe2 {[%emt 0:03:46]} Bd8 {[%emt 0:07:12]} 20. Rb1 {[%emt 0:07:30]} Bb6 {[%emt 0:07:03]} 21. Ncd5 {[%emt 0:07:01]} Nxd5 {[%emt 0:04:02]} 22. exd5 {[%emt 0:01:41]} Bd7 {[%emt 0:00:01]} 23. Nc4 {[%emt 0:01:04]} Ba7 {[%emt 0:02:32]} 24. Bd2 {[%emt 0:05:43]} Qc7 {[%emt 0:00:01]} 25. Be3 {[%emt 0:02:20]} Bxe3 {[%emt 0:00:10]} 26. Qxe3 {[%emt 0:00:19]} Bf5 {[%emt 0:00:19]} 27. Rbc1 {[%emt 0:00:19]} Qe7 {[%emt 0:04:50]} 28. Qb6 {[%emt 0:01:39]} Red8 {[%emt 0:00:08]} 29. Ne3 {[%emt 0:00:35]} Bg6 {[%emt 0:00:00]} 30. c4 {[%emt 0:00:12]} Qc7 {[%emt 0:02:23]} 31. a5 {[%emt 0:01:05]} f5 {[%emt 0:00:28]} 32. f4 {[%emt 0:01:49]} exf4 {[%emt 0:00:24]} 33. Nc2 {[%emt 0:00:34]} Qc5+ {[%emt 0:00:54]} 34. Nd4 {[%emt 0:00:06]} Bh5 {[%emt 0:00:14]} 35. Rd2 {[%emt 0:00:13]} Re8 {[%emt 0:00:51]} 36. Qxc5 {[%emt 0:00:21]} dxc5 {[%emt 0:00:16]} 37. Nxf5 {[%emt 0:00:07]} Re5 {[%emt 0:00:47]} 38. Nd6 {[%emt 0:01:47]} Rc7 {[%emt 0:00:00]} 39. Rb1 {[%emt 0:01:02]} g5 {[%emt 0:00:53]} 40. b4 {[%emt 0:01:27]} Bg6 {[%emt 0:00:07]} 41. Rbb2 {[%emt 0:00:51]} g4 {[%emt 0:01:00]} 42. g3 {[%emt 0:01:45]} f3 {[%emt 0:00:15]} 43. Kf2 {[%emt 0:01:51]} Rh5 {[%emt 0:00:30]} 44. h4 {[%emt 0:05:21]} gxh3 {[%emt 0:00:01]} 45. Kxf3 {[%emt 0:00:06]} cxb4 {[%emt 0:00:20]} 46. g4 {[%emt 0:00:14]} Re5 {[%emt 0:01:21]} 47. Rxb4 {[%emt 0:00:33]} Rd7 {[%emt 0:00:00]} 48. Rb6 {[%emt 0:00:28]} h5 49. gxh5 {[%emt 0:02:18]} Rxh5 {[%emt 0:01:32]} 50. Kg3 {[%emt 0:00:04]} Rg5+ {[%emt 0:00:28]} 51. Kh2 {[%emt 0:00:09]} Re7 {[%emt 0:00:33]} 52. Rxb7 {[%emt 0:00:42]} Re1 {[%emt 0:00:00]} 53. c5 {[%emt 0:02:12]} Bh5 {[%emt 0:00:23]} 54. Rf2 {[%emt 0:01:25]} Rxd5 {[%emt 0:00:33]} 55. Nf5 {[%emt 0:00:07]} Kh8 {[%emt 0:00:48]} 56. c6 {[%emt 0:02:29]} Rc5 {[%emt 0:00:27]} 57. Ne7 {[%emt 0:05:38]} Re2 {[%emt 0:00:48]} 58. Rxe2 {[%emt 0:00:37]} Bxe2 {[%emt 0:00:01]} 59. Kxh3 {[%emt 0:00:51]} Bf3 {[%emt 0:00:10]} 60. Kg3 {[%emt 0:04:44]} Bxc6 {[%emt 0:01:16]} 61. Rc7 {[%emt 0:00:09]} Rxa5 {[%emt 0:00:17]} 62. Rxc6 Kg7 {[%emt 0:00:07]} 63. Kf4 {[%emt 0:00:10]} Kf7 {[%emt 0:00:10]} 64. Nf5 {[%emt 0:00:01]} Ra1 {[%emt 0:00:13]} 65. Ng3 {[%emt 0:00:29]} Ke7 {[%emt 0:00:50]} 66. Ne4 {[%emt 0:00:08]} Kd7 {[%emt 0:00:05]} 67. Rh6 {[%emt 0:00:04]} Ra5 {[%emt 0:00:32]} 68. Ke3 {[%emt 0:00:05]} Ra1 {[%emt 0:00:19]} 69. Kd4 {[%emt 0:00:05]} Rd1+ {[%emt 0:00:03]} 70. Ke5 {[%emt 0:00:03]} a5 {[%emt 0:00:16]} 71. Nc3 {[%emt 0:00:11]} Re1+ {[%emt 0:00:19]} 72. Kd5 {[%emt 0:00:01]} Re3 {[%emt 0:00:58]} 73. Nb5 {[%emt 0:00:06]} a4 {[%emt 0:00:30]} 74. Nd4 {[%emt 0:00:20]} a3 {[%emt 0:00:51]} 75. Ra6 {[%emt 0:00:18]} Ke8 {[%emt 0:01:22]} 76. Nf5 {[%emt 0:00:11]} Re1 {[%emt 0:00:22]} 77. Rxa3 {[%emt 0:00:27]} Kf7 {[%emt 0:00:17]} 78. Nd6+ {[%emt 0:00:05]} Kf6 {[%emt 0:00:39]} 79. Rf3+ {[%emt 0:00:07]} Kg6 {[%emt 0:00:18]} 80. Nc4 {[%emt 0:00:11]} Kg5 {[%emt 0:00:28]} 81. Ne5 {[%emt 0:00:04]} Ra1 {[%emt 0:00:10]} 82. Rg3+ {[%emt 0:00:04]} Kf5 {[%emt 0:00:08]} 83. Rf3+ {[%emt 0:00:13]} Kg5 {[%emt 0:00:05]} 84. Nc4 {[%emt 0:00:01]} Re1 {[%emt 0:00:47]} 85. Ne3 {[%emt 0:00:02]} Ra1 {[%emt 0:00:07]} 86. Ke5 {[%emt 0:00:01]} Ra5+ {[%emt 0:00:09]} 87. Nd5 {[%emt 0:00:02]} Kg4 {[%emt 0:00:08]} 88. Rf8 {[%emt 0:00:02]} Ra3 {[%emt 0:00:22]} 89. Nf6+ {[%emt 0:00:07]} Kf3 {[%emt 0:00:21]} 90. Rg8 {[%emt 0:00:42]} Ra5+ {[%emt 0:00:55]} 91. Nd5 {[%emt 0:00:05]} Ra4 {[%emt 0:00:31]} 92. Rf8+ {[%emt 0:00:05]} Kg3 {[%emt 0:00:26]} 93. Ne3 {[%emt 0:00:13]} Ra5+ {[%emt 0:00:09]} 94. Nd5 {[%emt 0:00:06]} Ra4 {[%emt 0:00:15]} 95. Nc3 {[%emt 0:00:02]} Ra5+ {[%emt 0:00:12]} 96. Ke4 {[%emt 0:00:02]} Kg4 {[%emt 0:00:25]} 97. Rg8+ {[%emt 0:00:12]} Rg5 {[%emt 0:00:01]} 98. Ra8 {[%emt 0:00:11]} Rc5 {[%emt 0:00:36]} 99. Kd4 {[%emt 0:00:05]} Rc7 {[%emt 0:00:53]} 100. Nd5 {[%emt 0:00:01]} Rc1 {[%emt 0:00:23]} 101. Rg8+ {[%emt 0:00:07]} Kf5 {[%emt 0:00:19]} 102. Rf8+ {[%emt 0:00:08]} Ke6 {[%emt 0:00:24]} 103. Rf6+ {[%emt 0:00:06]} Kd7 {[%emt 0:00:05]} 104. Nc3 {[%emt 0:00:09]} Ke7 {[%emt 0:00:15]} 105. Ra6 {[%emt 0:00:04]} Kd7 {[%emt 0:00:14]} 106. Ne4 {[%emt 0:00:05]} Rd1+ {[%emt 0:00:13]} 107. Ke5 {[%emt 0:00:07]} Re1 {[%emt 0:00:13]} 108. Rd6+ {[%emt 0:00:45]} Kc7 {[%emt 0:00:15]} 109. Kd5 {[%emt 0:00:12]} Re2 1/2-1/2

[Event "21st Dubai Open 2019"]
[Site "Dubai"]
[Date "2019.04.08"]
[Round "8.17"]
[White "Abelgas, Roel"]
[Black "Haug, Johannes"]
[Result "0-1"]
[WhiteElo "2256"]
[BlackElo "2424"]
[Annotator "NA"]
[PlyCount "96"]
[EventDate "2019.04.01"]
[EventType "swiss"]
[EventCountry "UAE"]
[SourceTitle "playchess.com"]
[Source "ChessBase"]
[SourceQuality "1"]
[TimeControl "5400+30"]

1. d4 {[%emt 0:00:00]} Nf6 {[%emt 0:03:47]} 2. c4 {[%emt 0:00:00]} e6 {[%emt 0:00:06]} 3. Nf3 {[%emt 0:00:08]} Bb4+ {[%emt 0:00:15]} 4. Nbd2 {[%emt 0:00:16]} O-O {[%emt 0:00:05]} 5. g3 {[%emt 0:00:12]} d5 {[%emt 0:00:18]} 6. Qb3 {[%emt 0:00:52] E01: Catalan: Early deviations} (6. Bg2 b6 7. O-O Bb7 8. b3 c5 9. Bb2 Nc6 10. cxd5 Nxd5 11. dxc5 Bxc5 12. a3 Be7 13. b4 Bf6 14. Qb3 a5 15. e4 Nc7 16. Bxf6 Qxf6 17. b5 Ne5 18. Nxe5 Qxe5 19. a4 Rfd8 {1-0 (43) Harikrishna,P (2744)-Le,Q (2737) Huaian 2017}) 6... Be7 {[%emt 0:12:46]} 7. Bg2 {[%emt 0:00:42]} b6 {[%emt 0:00:06]} 8. O-O {[%emt 0:00:24]} Bb7 {[%emt 0:00:15]} 9. Qa4 $146 {[%emt 0:00:39]} ({Predecessor:} 9. cxd5 exd5 10. Ne5 Nbd7 11. Ndf3 c6 12. a4 Nxe5 13. Nxe5 Nd7 {1-0 (60) Goglidze,V-Gamrekeil,G Georgia 1955}) 9... Nbd7 {[%emt 0:09:18]} 10. Ne5 {[%emt 0:01:06]} Nxe5 {[%emt 0:05:08]} 11. dxe5 {[%emt 0:00:35]} Nd7 {[%emt 0:00:06]} 12. cxd5 {[%emt 0:00:23]} Bxd5 {[%emt 0:06:51]} 13. Bxd5 {[%emt 0:03:43]} exd5 {[%emt 0:03:10]} 14. Nf3 {[%emt 0:00:15]} f6 {[%emt 0:12:37]} 15. Nd4 {[%emt 0:17:30]} fxe5 {[%emt 0:05:28]} 16. Nc6 {[%emt 0:00:18] [#]} Qe8 $1 {[%emt 0:01:31]} 17. Rd1 {[%emt 0:25:44]} Bc5 {[%emt 0:08:57]} 18. e3 {[%emt 0:04:29]} Nf6 {[%emt 0:03:48]} 19. Bd2 {[%emt 0:05:35]} Bd6 {[%emt 0:10:11]} 20. Rac1 {[%emt 0:00:31]} Qh5 {[%emt 0:01:10]} 21. Be1 {[%emt 0:06:06]} Qh3 {[%emt 0:00:34]} 22. Qb5 {[%emt 0:00:50]} (22. Qh4 {is a better defense.} Qf5 23. Qa4) 22... Rf7 {[%emt 0:01:29]} 23. Qf1 {[%emt 0:01:37]} Qh5 {[%emt 0:01:21]} 24. Qg2 {[%emt 0:01:00]} a5 {[%emt 0:01:29]} 25. Rxd5 {[%emt 0:03:28]} Nxd5 {[%emt 0:01:29]} 26. Qxd5 {[%emt 0:00:03]} Raf8 {[%emt 0:00:48]} 27. f4 {[%emt 0:02:21]} Qe2 {[%emt 0:01:42]} 28. Bf2 {[%emt 0:02:16]} Qxb2 {[%emt 0:00:24]} 29. Re1 {[%emt 0:00:46]} Qc3 $19 {[%emt 0:02:18]} 30. f5 {[%emt 0:07:02]} e4 {[%emt 0:02:43]} 31. Nd4 {[%emt 0:01:09]} Qc5 {[%emt 0:01:53]} 32. Qxe4 {[%emt 0:00:17]} Rxf5 {[%emt 0:01:05]} 33. Re2 {[%emt 0:06:39]} Qe5 {[%emt 0:01:20]} 34. Qd3 {[%emt 0:00:16]} R5f6 {[%emt 0:00:11]} 35. Nc6 {[%emt 0:01:44]} Qe8 {[%emt 0:00:11]} 36. Qc4+ {[%emt 0:02:12]} Qf7 {[%emt 0:00:36]} 37. Qc2 {[%emt 0:00:17]} Bc5 {[%emt 0:00:44]} 38. Ne5 {[%emt 0:00:46]} Qe6 {[%emt 0:00:12]} 39. Nd3 {[%emt 0:00:03]} Qe4 {[%emt 0:01:15]} 40. Nxc5 {[%emt 0:01:06]} Qxc2 {[%emt 0:00:06]} 41. Rxc2 {[%emt 0:00:03]} bxc5 {[%emt 0:00:28]} 42. e4 {[%emt 0:00:31]} Rc6 {[%emt 0:00:29]} 43. Rc4 {[%emt 0:00:25]} Rb8 {[%emt 0:00:34]} 44. Be1 {[%emt 0:01:54]} Rb1 {[%emt 0:00:12]} 45. Kf1 {[%emt 0:00:14]} a4 {[%emt 0:01:21]} 46. Rc2 {[%emt 0:01:37]} a3 {[%emt 0:00:56]} 47. Rc3 {[%emt 0:00:19]} c4 {[%emt 0:00:13]} 48. h4 {[%emt 0:02:36]} Kf7 {[%emt 0:00:15]} 0-1

[Event "21st Dubai Open 2019"]
[Site "Dubai"]
[Date "2019.04.08"]
[Round "8.18"]
[White "Dimakiling, Oliver"]
[Black "Raghunandan, Kaumandur Srihari"]
[Result "1/2-1/2"]
[WhiteElo "2404"]
[BlackElo "2370"]
[Annotator "NA"]
[PlyCount "84"]
[EventDate "2019.04.01"]
[EventType "swiss"]
[EventCountry "UAE"]
[SourceTitle "playchess.com"]
[Source "ChessBase"]
[SourceQuality "1"]
[TimeControl "5400+30"]

1. c4 {[%emt 0:00:00]} e5 {[%emt 0:00:32]} 2. g3 {[%emt 0:00:00]} c6 {[%emt 0:00:33]} 3. Bg2 {[%emt 0:00:15]} d5 {[%emt 0:00:10]} 4. cxd5 {[%emt 0:01:27]} cxd5 {[%emt 0:00:07]} 5. d4 {[%emt 0:00:46]} e4 {[%emt 0:00:12]} 6. f3 {[%emt 0:00:24] A20: English Opening: 1...e5} Nf6 {[%emt 0:01:38]} 7. Nc3 {[%emt 0:01:09]} Bb4 {[%emt 0:03:49]} 8. Bg5 {[%emt 0:00:19]} O-O {[%emt 0:14:14]} 9. fxe4 {[%emt 0:03:40]} dxe4 {[%emt 0:00:09]} 10. Bxf6 $146 {[%emt 0:00:25]} ({Predecessor:} 10. e3 h6 11. Bxf6 Qxf6 {½-½ (30) Damljanovic,B (2573)-Komarov,D (2530) Le Port Marly 2009}) 10... Qxf6 {[%emt 0:00:08]} 11. Bxe4 {[%emt 0:00:16]} Nc6 {[%emt 0:05:21]} 12. a3 {[%emt 0:04:36]} Ba5 {[%emt 0:04:58]} 13. Nf3 {[%emt 0:01:08]} Bh3 {[%emt 0:01:48]} 14. b4 {[%emt 0:06:08]} Bg2 {[%emt 0:05:16]} 15. Nd5 {[%emt 0:00:26]} Qd6 {[%emt 0:05:12]} 16. Rg1 {[%emt 0:02:38]} f5 {[%emt 0:23:18]} 17. Bc2 {[%emt 0:00:51]} Bxf3 $1 {[%emt 0:00:10]} 18. exf3 {[%emt 0:00:06]} Kh8 {[%emt 0:07:18]} 19. Bb3 {[%emt 0:02:31]} Nxd4 {[%emt 0:09:08]} 20. bxa5 {[%emt 0:15:15]} (20. Qxd4 $2 Bb6 $17 {[%mdl 64] Skewer}) 20... Qc5 {[%emt 0:09:29]} 21. Kf1 {[%emt 0:24:42]} Rad8 {[%emt 0:05:24]} 22. Ba2 {[%emt 0:09:48]} Nc2 {[%emt 0:00:06]} 23. Rc1 {[%emt 0:00:33]} Ne3+ {[%emt 0:00:20]} 24. Ke2 {[%emt 0:00:42]} Qxa3 {[%emt 0:00:09]} 25. Qd2 $19 {[%emt 0:00:14]} (25. Qb3 $1 $11 Qxb3 26. Bxb3 Nxd5 27. Rgd1) 25... Nxd5 {[%emt 0:01:28]} 26. Bxd5 {[%emt 0:00:19]} Rfe8+ {[%emt 0:00:36]} 27. Kf1 {[%emt 0:05:08]} Rxd5 {[%emt 0:00:24]} 28. Qxd5 {[%emt 0:00:03]} Qxc1+ {[%emt 0:00:09]} 29. Kg2 {[%emt 0:00:03]} Re2+ {[%emt 0:01:41]} 30. Kh1 {[%emt 0:00:13]} Qd2 {[%emt 0:00:13]} 31. Qxd2 {[%emt 0:00:24]} Rxd2 {[%emt 0:00:10]} 32. Rc1 {[%emt 0:01:51]} h6 {[%emt 0:00:54]} 33. Rc5 {[%emt 0:00:04]} a6 {[%emt 0:00:44]} 34. Rxf5 {[%emt 0:00:10]} Rb2 {[%emt 0:00:38]} 35. Kg1 {[%emt 0:00:37]} Kg8 {[%emt 0:00:19]} 36. h4 {[%emt 0:00:46]} g6 {[%emt 0:00:37]} 37. Rc5 {[%emt 0:03:10]} Kf7 {[%emt 0:00:11]} 38. h5 {[%emt 0:01:10]} g5 {[%emt 0:00:39]} 39. Rc7+ {[%emt 0:00:24]} Kg8 {[%emt 0:00:15]} 40. Kf1 {[%emt 0:00:37]} Rb5 {[%emt 0:00:44]} 41. Ke2 {[%emt 0:00:19]} Rxa5 {[%emt 0:00:14]} 42. Rxb7 {[%emt 0:00:05]} Ra3 {[%emt 0:00:07]} 1/2-1/2

[Event "21st Dubai Open 2019"]
[Site "Dubai"]
[Date "2019.04.08"]
[Round "8.19"]
[White "Mulenga, Prince Daniel"]
[Black "Dhulipalla Bala Chandra Prasa"]
[Result "1/2-1/2"]
[WhiteElo "2252"]
[BlackElo "2384"]
[Annotator "NA"]
[PlyCount "91"]
[EventDate "2019.04.01"]
[EventType "swiss"]
[EventCountry "UAE"]
[SourceTitle "playchess.com"]
[Source "ChessBase"]
[SourceQuality "1"]
[TimeControl "5400+30"]

1. d4 {[%emt 0:00:00]} d5 {[%emt 0:00:00]} 2. c4 {[%emt 0:00:00]} e6 {[%emt 0:00:00]} 3. Nc3 {[%emt 0:00:20]} a6 {[%emt 0:00:40]} 4. e4 dxe4 {[%emt 0:00:56]} 5. Nxe4 {[%emt 0:01:29]} Bb4+ {[%emt 0:00:44]} 6. Nc3 {[%emt 0:00:09]} c5 {[%emt 0:00:05]} 7. Nf3 {[%emt 0:00:48]} Nf6 {[%emt 0:07:59]} 8. Be2 {[%emt 0:02:36]} Nc6 {[%emt 0:24:09]} 9. Be3 {[%emt 0:05:36]} Ng4 {[%emt 0:09:41]} 10. a3 {[%emt 0:12:02]} Nxe3 {[%emt 0:03:12]} 11. fxe3 {[%emt 0:00:02]} Ba5 {[%emt 0:06:35]} 12. Rc1 {[%emt 0:06:00]} cxd4 {[%emt 0:05:23]} 13. exd4 {[%emt 0:00:02]} Bc7 {[%emt 0:05:55]} 14. b4 {[%emt 0:01:57]} O-O {[%emt 0:01:21]} 15. Qd2 {[%emt 0:01:36]} Qf6 $14 {[%emt 0:07:37]} 16. g3 {[%emt 0:04:29]} b6 {[%emt 0:09:37]} 17. O-O {[%emt 0:03:00]} Bb7 {[%emt 0:00:11]} 18. d5 {[%emt 0:03:14]} Rad8 {[%emt 0:01:21]} 19. Qe3 {[%emt 0:03:41]} Ne5 {[%emt 0:01:55]} 20. Rcd1 {[%emt 0:18:42]} Ng4 {[%emt 0:04:50]} 21. Qc1 {[%emt 0:07:36]} exd5 {[%emt 0:00:01]} 22. Nxd5 {[%emt 0:00:46]} Bxd5 {[%emt 0:00:13]} 23. cxd5 {[%emt 0:00:36]} Qe7 {[%emt 0:04:01]} 24. Bxa6 {[%emt 0:08:01]} b5 {[%emt 0:00:20]} 25. Bxb5 Bb6+ {[%emt 0:00:52]} 26. Kh1 {[%emt 0:05:33]} Rd6 {[%emt 0:01:47]} 27. Rde1 {[%emt 0:03:44]} Be3 {[%emt 0:00:54]} 28. Bc6 {[%emt 0:00:34]} Rh6 {[%emt 0:00:40]} 29. Rxe3 {[%emt 0:02:09]} Qxe3 {[%emt 0:00:34]} 30. Qxe3 {[%emt 0:00:01]} Nxe3 {[%emt 0:00:02]} 31. Re1 {[%emt 0:01:10]} Nc2 {[%emt 0:00:20]} 32. Rc1 {[%emt 0:00:44]} Ne3 {[%emt 0:01:27]} 33. Rc3 {[%emt 0:01:42]} Nf5 {[%emt 0:00:42]} 34. g4 {[%emt 0:03:12]} Ne7 {[%emt 0:00:27]} 35. b5 {[%emt 0:00:24]} Rd6 {[%emt 0:00:04]} 36. a4 {[%emt 0:02:15]} Nxd5 {[%emt 0:00:23]} 37. Rd3 {[%emt 0:01:05]} Rfd8 {[%emt 0:00:04]} 38. a5 {[%emt 0:00:00]} Nb4 {[%emt 0:01:15]} 39. Rxd6 {[%emt 0:00:07]} Rxd6 {[%emt 0:00:01]} 40. Bb7 {[%emt 0:00:02]} Kf8 {[%emt 0:00:59]} 41. a6 {[%emt 0:00:11]} Rd1+ {[%emt 0:00:08]} 42. Kg2 {[%emt 0:00:24]} Ra1 {[%emt 0:00:01]} 43. Ne5 {[%emt 0:00:57]} Ke8 {[%emt 0:00:52]} 44. Kf3 {[%emt 0:02:27]} f6 {[%emt 0:01:16]} 45. Nc4 {[%emt 0:01:13]} Kd7 46. Ke4 1/2-1/2